000 01049nam a22003377a 4500
001 BR2013002067
003 BR-BrBNA
005 20230928104142.0
007 ta
008 230509b bl.||||| |||| 00| 0 por d
040 _aBR-BrBNA
_bpor
_cBiblioteca Nacional de Agricultura
041 _a(Por)
072 _aF30; H20
_b0120
_b3575
_b4120
090 _ 0120 BR2013002067
100 1 _aCaixeta, F.
110 1 _aUniversidade Federal de Lavras, MG (Brasil)
_0Tese (Doutorado)
245 1 _aExpressão diferencial de genes nas interações entre sementes de milho e Aspergillus flavus, Fusarium verticillioides e Penicillium spp.
260 3 _aLavras, MG (Brasil):
_c2012.
300 _a104 p.
500 _aSummaries (Eng, Por); Several bibliography; 8 illus.; 10 tables
650 _aMILHO
650 _aSEMENTE
650 _aGENE
650 _aASPERGILLUS FLAVUS
650 _aFUSARIUM
650 _aFUNGO
650 _aINTERAÇÃO GENÉTICA
650 _aINOCULAÇÃO
909 _a202309
_bLucia
_c55
_dLucia Elande
942 _cBK
999 _c78402
_d78402